University Home | Library Home | Institutional Repository

Essays in Southern Africa labour history / (Record no. 216470)

MARC details
000 -LEADER
fixed length control field 00496nam a22001697a 4500
005 - DATE AND TIME OF LATEST TRANSACTION
control field 20260320163335.0
008 - FIXED-LENGTH DATA ELEMENTS--GENERAL INFORMATION
fixed length control field 260320b ||||| |||| 00| 0 eng d
020 ## - INTERNATIONAL STANDARD BOOK NUMBER
International Standard Book Number 0869750852
040 ## - CATALOGING SOURCE
Original cataloging agency LC
Transcribing agency UNZA
050 ## - LIBRARY OF CONGRESS CALL NUMBER
Classification number HD 6870
Item number ESS
245 ## - TITLE STATEMENT
Title Essays in Southern Africa labour history /
Statement of responsibility, etc. edited by Eddie Webster
260 ## - PUBLICATION, DISTRIBUTION, ETC.
Place of publication, distribution, etc. Johannesburg
Name of publisher, distributor, etc. RAVAN Press
Date of publication, distribution, etc. 1986
300 ## - PHYSICAL DESCRIPTION
Extent 247 pages
650 ## - SUBJECT ADDED ENTRY--TOPICAL TERM
Source of heading or term LC
Topical term or geographic name entry element Labor movement
Form subdivision Africa, Southern
700 ## - ADDED ENTRY--PERSONAL NAME
Personal name Webster, Eddie
Relator term Editor
942 ## - ADDED ENTRY ELEMENTS (KOHA)
Source of classification or shelving scheme Library of Congress Classification
Koha item type Book

No items available.

© 2026 - The University of Zambia Library - Koha v25.11